Analysis and design of certain quantitative multiresponse experiments /
Guardado en:
| Autor Principal: | |
|---|---|
| Otros Autores: | , |
| Formato: | Libro |
| Idioma: | English |
| Publicado: |
Oxford :
Pergamon Press,
1971.
|
| Edición: | 1st ed. |
| Series: | International series of monographs in applied statistics and biometry ;
v. 2 |
| Materias: | |
| Etiquetas: |
Agregar Etiqueta
Sin Etiquetas, Sea el primero en etiquetar este registro!
|
| LEADER | 01027cam a2200253 a 4500 | ||
|---|---|---|---|
| 001 | MAT.inmabb004762 | ||
| 008 | 720320s1971####enka#####b####001#0#eng## | ||
| 005 | 20130328154134.0 | ||
| 245 | 1 | 0 | |a Analysis and design of certain quantitative multiresponse experiments / |c by S. N. Roy, R. Gnanadesikan and J. N. Srivastava ; with an appendix on computer algorithms and programs by E. B. Fowlkes, II and Elisa T. Lee. |
| 250 | |a 1st ed. | ||
| 260 | |a Oxford : |b Pergamon Press, |c 1971. | ||
| 300 | |a x, 304 p. : |b il. ; |c 26 cm. | ||
| 490 | 0 | |a International series of monographs in applied statistics and biometry ; |v v. 2 | |
| 504 | |a Incluye referencias bibliográficas. | ||
| 020 | |a 0080069177 | ||
| 100 | 1 | |a Roy, Samarendra Nath, |d 1906-1964. | |
| 700 | 1 | |a Gnanadesikan, Ram, |d 1932- | |
| 700 | 1 | |a Srivastava, Jagdish Narain, |d 1933- | |
| 084 | |a 62Kxx (62Jxx) |2 msc2000 | ||
| 650 | 0 | |a Experimental design. | |
| 650 | 0 | |a Analysis of variance. | |
| 010 | |a 71104118 | ||
| 040 | |a DLC |c DLC |d DLC | ||
| 859 | |h 62 |i R888 |p A-4209 |b BIB. MATEMATICA | ||
